Top 10 Countries with the Most Christians - Statistics

General Stats
  • This quiz has been taken 31 times
  • The average score is 8 of 10
Answer Stats
Christians Answer % Correct
217.3 M United States
100%
147.6 M Brazil
93%
112 M Mexico
90%
102.4 M Russia
86%
107 M Nigeria
79%
53.2 M Italy
72%
52.8 M South Africa
72%
73.2 M Ethiopia
66%
92.7 M Philippines
66%
92.4 M Democratic Republic of the Congo
62%
No matching quizzes found
Score Distribution
Percent of People with Each Score
Percentile by Number Answered
Your Score History
You have not taken this quiz